Estadísticas para 15 principales países con muertes de Covid-19 - 28 de mayo

Haz click aquí para intentar la prueba.

Estadísticas generales

  • Esta prueba ha sido intentada 3 veces
  • La puntuación promedio es 16 de 21

Estadísticas de respuestas

país% Correcto
Alemania
100%
Brasil
100%
China
100%
España
100%
Estados Unidos
100%
Francia
100%
India
100%
Italia
100%
México
100%
Reino Unido
100%
Suecia
100%
Bélgica
67%
Canadá
67%
Irán
67%
Irlanda
67%
Países Bajos
67%
Suiza
67%
Ecuador
33%
Portugal
33%
Turquía
33%
Perú
0%

Distribución de puntuación

Porcentaje por número respondido

Porcentaje de gente con cada puntuación

Historial de tus puntuaciones

No has intentado esta prueba.